| 000 | 01795 a2200241 4500 | ||
|---|---|---|---|
| 003 | Nust | ||
| 005 | 20220730112158.0 | ||
| 010 | _a 97068696 | ||
| 020 | _a0789714051 | ||
| 040 | _cNust | ||
| 082 | 0 | 0 | _a004.67,GRI |
| 100 | 1 |
_aGrimes, Galen. _946267 |
|
| 245 | 1 | 0 |
_a10 minute guide to the Internet and the World Wide Web / _cGalen Grimes, with Rick Bolton. |
| 246 | 3 | _aTen minute guide to the Internet and the World Wide Web | |
| 250 | _a3rd ed. | ||
| 260 |
_aIndianapolis, Ind. : _bQue, _cc1997. |
||
| 300 |
_axii, 185 p. : _bill. ; _c22 cm. |
||
| 505 | _aFinding Out About The Internet and the world Wide web (Page-1), Hardware and Software You Will Need To Access the Web (Page-9), Using Microsoft Internet Explore (Page-16), Marking Favorite Pages in Internet Explorer (Page-22), Browsing Offline and Subscribing to (Page-28), Controlling Active X Controls (Page-37), Using Netscape Navigator (Page-42), Setting Bookmarks in Netscape (Page-50), Using Netscape Plug – Ins (Page-58), Real Time Audio and Video Using Real Player (Page-66), Searching the Internet Using Search Engines (Page-72), Sending and Receiving E-Mail (Page-82), Accessing Files With FTP (Page-92), Working With Newsgroups (Page-100), Real Time Chat on the Internet (Page-114), Internet Telephones (Page-118), Pont Cast and Push Technology (Page-125), Internet Etiquette (Page-133), Selecting an Internet service Provider (Page-138), Configuration for Windows 3.1 Users (Page-143), Configuration for Windows 95 Users (Page-147), Configuration for Macintosh Users (Page-157), Accessing The Internet With An On Line Access Service (Page-169), | ||
| 650 | 0 |
_aInternet. _917965 |
|
| 650 | 0 |
_aWorld Wide Web. _918094 |
|
| 700 | 1 |
_aBolton, Rick. _946268 |
|
| 942 |
_2ddc _cBK _k004.67,GRI |
||
| 999 |
_c176232 _d176232 |
||